Les scènes navales figurées sur les talatat du IXe pylône de Karnak /

محفوظ في:

المؤلف الرئيسي: Vergnieux, Robert (مؤلف)

مؤلفون آخرون: Belov, Alexandre.

التنسيق: كتاب

اللغة: French

منشور في: Le Caire : Institut français d'archéologie orientale, 2025.

سلاسل: Travaux du Centre franco-égyptien d'étude des temples de Karnak.

الموضوعات:

الوسوم: إضافة وسم

لا توجد وسوم, كن أول من يضع وسما على هذه التسجيلة!

رقم الطلب: ( F )DT73 .K4 V47 2025

LEADER 01141nam a22003017a 4500
003 OSt
005 20260430074011.0
008 260427s2025 UA a b 001 0 fre d
020 |a 9782724710861 
040 |c ARCE Library 
050 4 |a ( F )DT73 .K4 V47 2025 
100 0 |a Vergnieux, Robert,   |e author 
245 1 0 |a Les scènes navales figurées sur les talatat du IXe pylône de Karnak /   |c Robert Vergnieux. 
264 1 |a Le Caire :   |b Institut français d'archéologie orientale,   |c 2025. 
300 |a 207 pages :   |b illustrations ;   |c 33 cm. 
490 0 |a Bibliothèque générale ;   |v 77. 
490 0 |a BiGen ;   |v 77. 
504 |a Includes bibliographical references (pages 197-207) and index.  
650 0 |a Bas-relief   |z Egypt   |z Karnak. 
650 4 |a Excavations (Archaeology)   |z Egypt   |z Karnak. 
650 4 |a Inscriptions, Egyptian   |z Egypt   |z Karnak. 
650 4 |a Naval art and science   |z Egypt   |z Karnak  |x History. 
651 0 |a Karnak (Egypt)   |x Antiquities. 
700 0 |a Belov, Alexandre. 
830 |a Travaux du Centre franco-égyptien d'étude des temples de Karnak. 
901 |a reviewed 
942 |2 lcc  |c BK 
999 |c 61897  |d 61897